000 00667nam a2200229Ia 4500
005 20140206094724.0
008 131103s9999 xx 000 0 und d
020 _a9780195696509
_c995.00
040 _aLoreto College
041 _aEnglish
082 _a338.954
_bIND
110 _aGovernment of India: Planning Commission
245 _aEleventh Five Year Plan (2007-2012)V.I
_b Inclusive growth
260 _aNew Delhi
_bOxford University Press
_c2008
300 _axxiv,280p
_b24cm
_e tables, charts, graphs
630 _aDevelopment
630 _aInclusive Growth
650 _aIndia-Development
651 _aEconomics
850 _aLCBED
942 _cBK
999 _c39051
_d89530